| 000 | 01029nam a2200289 a 4500 | ||
|---|---|---|---|
| 001 | 000014571 | ||
| 003 | DO-SdBNP | ||
| 005 | 20250821140711.0 | ||
| 008 | 100115s2007 dr a 000 0 spa d | ||
| 020 | _a9789945160949 | ||
| 040 |
_aDO-SdBNP _bspa _cBPMSU |
||
| 049 | _a | ||
| 082 |
_a972.9304 _bT235d 2007 _222 |
||
| 100 | 1 |
_aTejada, Adriano Miguel _d1948-2020 |
|
| 100 | z |
_aTejada Escoboza, Adriano Miguel _d1948-2020 |
|
| 245 | 1 | 0 |
_aDiario de la independencia / _cAdriano Miguel Tejada. |
| 250 | _a3a ed. | ||
| 260 |
_aSanto Domingo : _bComisión Permanente de Efemérides Patrias(CPEP), _c2007. |
||
| 300 |
_a352 p. : _bil. ; _c23 cm. |
||
| 490 | 0 | _aSesquicentenario de la Independencia Nacional 1944 | |
| 490 | 0 |
_aPúblicaciones de la comisión de Efemérides Patrias _v16 |
|
| 500 | _aIncluye datos biográficos del autor en las solapas | ||
| 590 | _aInventarido, 2024/VM | ||
| 651 | 4 |
_aRepública Dominicana _xHistoria _y1844-1861 _xCronología |
|
| 910 | _aVMateo V. Control de calidad. BPMSU | ||
| 942 |
_2ddc _cBK |
||
| 999 |
_c14772 _d14772 |
||